000
00307nam a22001097a 4500
082
_a
001.94
_b
KAR
100
_a
Karim, Dr. Fazal
245
_a
Science k Purisrar Waqiyat aur Inkishafaat
260
_6
Lahore
_a
Feroze Sons Ltd
_c
2009
942
_2
ddc
_c
BK
999
_c
541202
_d
541202